00528nam a2200181Ia 4500003000900000008004100009020002200050040001600072080001500088100001600103245011900119260002500238300001500263650001400278650001000292650002200302650002200324IN-BaIIA211028s9999 xx 000 0 eng d a978-3-319-09824-1 cIIA Library a535.1bBIS aBisi, Olmes 0aVisible and invisiblebthe wonders of light phenomenacOlmes Bisi  aChambSpringerc2015 axxi, 314p. aAstronomy aLight aScience (General) aScience astronomy